000 00493nam a2200193Ia 4500
005 20231012085145.0
008 131103s9999 xx 000 0 und d
040 _aLoreto College
041 _aEnglish
082 _a730
_bHEN
100 _aHenry,Francoise
245 _aCroix Sculptees Irlandaises
_cFrancoise Henry
260 _aDublin
_bAux Trois Flambeaux
_c1964
300 _a75 p.
_b 64 illus.
650 _aSculpture
651 _aIrish Sculpture
850 _aLCLIB
942 _cBK
999 _c17374
_d67853